Every Language in Europe on a Map - Statistics

General Stats
  • This quiz has been taken 5,077 times
  • The average score is 59 of 149
Answers on the Map
Answers color-coded by a green-red scale on the quiz's map according to % correct below.
 
Answer Stats
Group Flag L1 Speakers Language % Correct
Germanic 380,000,000 English
97%
Romance 81,000,000 French
97%
Germanic 170,000,000 German
97%
Slavic 150,000,000 Russian
97%
Romance 500,000,000 Spanish
97%
Romance 65,000,000 Italian
96%
Romance 230,000,000 Portuguese
96%
Germanic 10,000,000 Swedish
96%
Uralic 5,800,000 Finnish
94%
Hellenic 13,500,000 Greek
94%
Slavic 40,000,000 Polish
94%
Slavic 27,000,000 Ukrainian
94%
Germanic 4,320,000 Norwegian
93%
Romance 23,600,000 Romanian
93%
Germanic 6,000,000 Danish
92%
Germanic 25,000,000 Dutch
91%
Uralic 1,200,000 Estonian
91%
Uralic 17,000,000 Hungarian
91%
Baltic 1,500,000 Latvian
91%
Slavic 7,000,000 Croatian
90%
Baltic 3,000,000 Lithuanian
90%
Slavic 12,000,000 Serbian
90%
Slavic 7,600,000 Bulgarian
89%
Slavic 10,700,000 Czech
89%
Albanian 7,000,000 Albanian
88%
Germanic 360,000 Icelandic
88%
Celtic 195,000 Irish
88%
Slavic 5,000,000 Slovak
88%
Celtic 538,000 Welsh
88%
Turkic 84,000,000 Turkish
86%
Romance 4,100,000 Catalan
85%
Slavic 2,500,000 Slovene
85%
Slavic 2,500,000 Bosnian
82%
Slavic 1,400,000 Macedonian
82%
Romance 4,700,000 Sicilian
80%
Slavic 5,100,000 Belarusian
78%
Basque 750,000 Basque
77%
Celtic 57,000 Scottish Gaelic
77%
Romance 1,000,000 Sardinian
71%
Germanic 7,160,000 Alemannic German
70%
Romance 150,000 Corsican
70%
Germanic 15,000,000 Bavarian
66%
Germanic 6,500,000 Flemish
64%
Romance 2,400,000 Galician
62%
Germanic 430,000 Luxembourgish
62%
Celtic 210,000 Breton
59%
Romance 60,000 Romansh
59%
Celtic 560 Cornish
57%
Turkic 17,000,000 Kazakh
53%
Romance 50,000 Norman
53%
Slavic 229,000 Montenegrin
51%
Romance 500,000 Occitan
51%
Semitic 530,000 Maltese
50%
Romance 3,900,000 Venetian
50%
Germanic 1,540,000 Scots
49%
Germanic 470,000 West Frisian
49%
Turkic 5,200,000 Tatar
47%
Caspian 1,700,000 Chechen
44%
Romance 5,700,000 Neapolitan
44%
Romance 3,800,000 Lombard
42%
Turkic 24,000,000 Azerbaijani
41%
Celtic 2,200 Manx
41%
Germanic 69,000 Faroese
39%
Romance 300,000 Walloon
39%
Uralic 19,000 Karelian
38%
Slavic 457,000 Silesian
37%
Iranian 490,000 Ossetian
36%
Romance 600,000 Ligurian
35%
Romance 12,000 Aragonese
33%
Germanic 7,150,000 Low German
33%
Romance 600,000 Asturian
32%
Romance 2,000,000 Piedmontese
30%
Slavic 20,000 Sorbian
30%
Turkic 580,000 Crimean Tatar
26%
Slavic 70,000 Rusyn
26%
Slavic 87,000 Kashubian
25%
Romance 420,000 Friulian
24%
Romance 4,400,000 Emilian-Romagnol
23%
Turkic 148,000 Gagauz
23%
Romance 41,000 Ladin
23%
Romance 210,000 Aromanian
22%
Mongol 80,000 Kalmyk
22%
Romance 157,000 Franco-Provençal
21%
Uralic 100,000 Komi-Zyrian
21%
Caspian 330,000 Ingush
20%
Germanic 1,300,000 Limburgish
20%
Romance 15,000 Mirandese
20%
Romance 700,000 Picard
20%
Germanic 820,000 Swabian German
20%
Turkic 2,000,000 Bashkir
19%
Turkic 1,042,000 Chuvash
19%
Romance 200,000 Extremaduran
19%
Uralic 320,000 Mari
19%
Uralic 38,400 Nenets
19%
Uralic 270,000 Udmurt
19%
Uralic 25,000 Northern Sámi
18%
Pontic 610,000 Adyghe
16%
Uralic 600 Southern Sámi
16%
Caspian 800,000 Avar
15%
Baltic 200,000 Latgalian
12%
Germanic 220,000 Zeelandic
11%
Uralic 76 Ingrian
10%
Turkic 310,000 Karachay-Balkar
10%
Uralic 300,000 Moksha
10%
Uralic 100,000 Võro
10%
Uralic 250,000 Erzya
9%
Pontic 590,000 Kabardian
9%
Turkic 87,000 Nogai
9%
Uralic 1,300 Veps
9%
Romance 1,900 Jérriais
8%
Uralic 14,000 Khanty
8%
Uralic 1,400 Mansi
8%
Germanic 10,000 North Frisian
8%
Romance 200 Guernésiais
7%
Romance 400 Istriot
7%
Romance 300 Istro-Romanian
7%
Uralic 650 Lule Sámi
7%
Hellenic 4,000 Tsakonian
7%
Albanian 70,000 Arbëresh
6%
Germanic 2,400 Elfdalian
6%
Romance 11,000 Fala
6%
Uralic 400 Inari Sámi
6%
Turkic 450,000 Kumyk
6%
Germanic 20 Wymysorys
6%
Pontic 49,000 Abaza
5%
Hellenic 20,000 Griko
5%
Romance 5,000 Megleno-Romanian
5%
Uralic 330 Skolt Sámi
5%
Caspian 490,000 Dargin
4%
Uralic 63,000 Komi-Permyak
4%
Caspian 152,000 Lak
4%
Caspian 630,000 Lezgian
4%
Uralic 50 Pite Sámi
4%
Romance 100,000 Sassarese
4%
Germanic 2,000 Saterland Frisian
4%
Uralic 100 Ume Sámi
4%
Albanian 50,000 Arvanitika
3%
Germanic 5,000 Gutnish
3%
Uralic 340 Kildin Sámi
3%
Uralic 300 Ludic
3%
Caspian 36,000 Rutul
3%
Caspian 126,000 Tabasaran
3%
Turkic 190,000 Urum
3%
Caspian 29,000 Aghul
2%
Romance 1,500 Barranquenho
2%
Hellenic 2,000 Calabrian Greek
2%
Germanic 400 Cimbrian
2%
Uralic 14,100 Livvi-Karelian
2%
Germanic 1,900 Mochéno
2%
No matching quizzes found
Score Distribution
Percent of People with Each Score
Percentile by Number Answered
Your Score History
You have not taken this quiz